Manual for Texas elections and conventions of political parties.

Bibliographic Details
Main Author: O'Quinn, Trueman
Corporate Author: Democratic Party (Tex.). Executive Committee
Format: Book
Language:English
Published: Austin : State Democ. Exec. Comm., [1964]
Edition:[1st ed.].
Subjects:

MARC

Tag First Indicator Second Indicator Subfields
LEADER 00000cam a2200000 4500
001 in00000039011
005 20190207093426.0
008 770126s1964 txu 00000 eng d
035 |a (OCoLC)02701574 
035 |9 AAF6392AM 
040 |a TXN  |c TXN  |d TXA  |d UtOrBLW 
049 |a TXAM [Also in] [Sp Coll]  |c 1 [422172]  |a TXAS  |c 3 [365651] 
090 |a JK4816  |b .O68 1964 
092 |a 324.764  |b O62m 
100 1 |a O'Quinn, Trueman. 
245 1 0 |a Manual for Texas elections and conventions of political parties. 
250 |a [1st ed.]. 
264 1 |a Austin :  |b State Democ. Exec. Comm.,  |c [1964] 
264 4 |c ©1964 
300 |a 114 pages ;  |c 23 cm. 
336 |a text  |b txt  |2 rdacontent 
337 |a unmediated  |b n  |2 rdamedia 
338 |a volume  |b nc  |2 rdacarrier 
500 |a The Cushing Library/Chapman Texas Collection copy is part of the Floyd & Louise Chapman Texas & Borderlands Collection.  |5 TXA 
650 0 |a Elections  |z Texas  |x Handbooks, manuals, etc. 
710 2 |a Democratic Party (Tex.).  |b Executive Committee. 
999 |a MARS 
999 f f |s e9d544f7-c3da-3d4c-9ea1-ffc82abcb165  |i 62ad4cc4-0851-3e03-8cb3-c6cb50a12f58  |t 0 
952 f f |p noncirc  |a Texas A&M University  |b College Station  |c Cushing Memorial Library & Archives  |d Cushing: Chapman Texas Collection (Does not check out)  |t 0  |e JK4816 .O68 1964  |h Library of Congress classification  |i unmediated -- volume 
952 f f |p ric  |a Texas A&M University  |b Rellis Campus  |c Joint Library Facility  |d Remote Storage  |t 0  |e JK4816 .O68 1964  |h Library of Congress classification  |i unmediated -- volume  |m A14800668287 
998 f f |a JK4816 .O68 1964  |t 0  |l Cushing: Chapman Texas Collection (Does not check out) 
998 f f |a JK4816 .O68 1964  |t 0  |l Remote Storage